000 00230nam a2200097Ia 4500
008 190216s9999||||xx |||||||||||||| ||und||
100 _aRamakrishnan M
245 0 _aShudha Jala Vidaranam
260 _bKerala Basha Inst
942 _cBK
999 _c37740
_d37740